SEC Conference Teams Quiz CFB - Statistics

General Stats
  • This quiz has been taken 196 times
  • The average score is 13 of 16
Answer Stats
Answer % Correct
Alabama
96%
Texas
92%
Georgia
89%
Florida
84%
Vanderbilt
81%
LSU
80%
Texas A&M
80%
Arkansas
79%
Ole Miss
77%
Auburn
75%
Oklahoma
75%
Tennessee
74%
Mississippi State
71%
Kentucky
69%
Missouri
68%
South Carolina
66%
No matching quizzes found
Score Distribution
Percent of People with Each Score
Percentile by Number Answered
Your Score History
You have not taken this quiz